| 000 | 00427nam a2200169Ia 4500 | ||
|---|---|---|---|
| 008 | 210716s1986 xx 000 0 und d | ||
| 020 | _a0803924933 | ||
| 041 | _aeng | ||
| 082 | _a651.7 MCLM | ||
| 100 | _aMclaughlin, Margaret. | ||
| 245 | _aCommunication yearbook 9. | ||
| 250 | _a1 | ||
| 260 |
_aLondon _bSage Publications _c1986 |
||
| 300 | _a852 | ||
| 650 | _aBusiness Communication | ||
| 700 | _aMclaughlin, Margaret. | ||
| 999 |
_c201223 _d201223 |
||